[Event "Asian Schools-ch 14th U09"]
[Site "Waskaduwa"]
[Date "2018.07.09"]
[Round "2.4"]
[White "Induwara, THD Thisarindu"]
[Black "Pathirage, Yukitha Kenula Pere"]
[Result "1-0"]
[WhiteElo "1388"]
[BlackElo "1173"]
[PlyCount "38"]
[EventDate "2018.07.09"]
[EventType "swiss"]
[EventRounds "9"]
[EventCountry "SRI"]
[SourceTitle "EXT 2024"]
[Source "ChessBase"]
[SourceDate "2023.10.10"]
[SourceVersion "1"]
[SourceVersionDate "2023.10.10"]
[SourceQuality "1"]

1. d4 Nf6 2. c4 g6 3. Nc3 Bg7 4. e4 d6 5. Nf3 0-0 6. Be2 e5 7. 0-0 Nc6 8. d5 Ne7 9. Ne1 Ne8 10. Nd3 f5 11. f3 f4 12. Bd2 g5 13. Be1 Ng6 14. c5 Rf7 15. b4 Bf8 16. Bf2 Rg7 17. g3 h5 18. Kg2 Nf6 19. h3 Qd7 1-0